| 000 | 01282cam a22002891 4500 | ||
|---|---|---|---|
| 001 | gs 07001539 | ||
| 003 | DLC | ||
| 005 | 20260227111307.0 | ||
| 008 | 840925s1907 dcuabf f000 0 eng c | ||
| 010 | _ags 07001539 | ||
| 035 | _a(OCoLC)11195428 | ||
| 040 |
_aU.S. Geol. surv. Library _cCLS _dOCoLC _dDLC |
||
| 050 | 0 | 0 |
_aTC801 _b.U2 no. 208 |
| 051 |
_aGB1215 _b.U59 no. 62 _cCopy 2 |
||
| 110 | 2 | _aGeological Survey (U.S.) | |
| 245 | 1 | 0 |
_aSurface water supply of Missouri river drainage, 1906, _cby Robert Follansbee, R.I. Meeker, and J.E. Stewart, district hydrographers. |
| 260 |
_aWashington, _bGovt. Print. Off., _c1907. |
||
| 300 |
_avi, 190, ii p. _billus., V pl. (incl. fold. map) diagr. _c23 cm. |
||
| 490 | 0 |
_aU.S. Geological survey. Water-supply and irrigation paper _vno. 208 |
|
| 490 | 0 |
_aP, Hydrographic progress reports, _v62 |
|
| 500 | _a"This report contains information similar to that published for previous years under the title 'Report of progress of stream measurements'." | ||
| 500 | _aTC801.U2 no. 208 bound with Water-supply and irrigation paper no. 209-no. 212 subsequent to publication. | ||
| 650 | 0 |
_aWater-supply _zWest (U.S.) |
|
| 700 | 1 |
_aFollansbee, Robert, _d1879-1952. |
|
| 700 | 1 |
_aMeeker, Ralph Inman, _d1878- |
|
| 700 | 1 | _aStewart, John E. | |
| 999 |
_c24686 _d24686 |
||